000 00995nam a2200229Ii 4500
003 JO-AjNU
008 230605s9999||||xx |||||||||||||| ||und||
017 _a2018/1/309
020 _a978- 9957- 67- 084- 9
040 _aJO-AjNU
_bara
_erda
_cJO-AjNU
041 _aara
050 1 4 _aBP131.13 2018
100 3 _aتاليف الثوابية، هيثم حماد,
_eauthor
_959517
245 0 0 _aحقيقة اعتراضات المدون البابلي على ترجمات القرآن الكريم
250 _aط1
264 3 1 _aبيروت: دار الكتب العلمية، 2018
300 _a206ص
_bيحنوي على مصادر ومراجع من ص185- 201/ طبع بدعم من الجامعة الالمانية الاردنية، عمادة البحث العلمي والدراسات العليا
336 _atext
_btxt
_2rdacontent
337 _aunmediated
_bn
_2rdamedia
338 _avolume
_bnc
_2rdacarrier
650 4 _aترجمة القرآن- القرآن الكريم
_959518
999 _aA26787
_c30355
_d30355